000 00354 a2200133 4500
005 20250430133338.0
020 _a0 435 45194 4
082 _a658.018 RSA
100 _aRSA EXAMINATIONS BOARD.
245 _aIntegrated Business Technology Stage II.
260 _aHalley Court,
_bHeinemann,
_c1996.
300 _a96p.: ill.; picture
_c29cm.
942 _2ddc
_cBKS
999 _c1838
_d1838